Normal view
MARC view
Entry Topical Term
001 - CONTROL NUMBER
- control field: 770062
003 - CONTROL NUMBER IDENTIFIER
- control field: OSt
005 - DATE AND TIME OF LATEST TRANSACTION
- control field: 20250508161032.0
008 - FIXED-LENGTH DATA ELEMENTS
- fixed length control field: 250508|| aca||aabn | a|a d
040 ## - CATALOGING SOURCE
- Original cataloging agency: OSt
- Transcribing agency: OSt
150 ## - HEADING--TOPICAL TERM
- Topical term or geographic name entry element: Education - Research; Buch survey
670 ## - SOURCE DATA FOUND
- Source citation: Work cat.: (OSt)1368059: Buch M. B. Ed., Second survey of research in education 1972-1978, 1979
